[Event "Charleville Mezieres op 14th"]
[Site "Charleville Mezieres"]
[Date "2017.12.26"]
[Round "7"]
[White "Fauchart, Francois"]
[Black "Louis, Andre"]
[Result "1-0"]
[WhiteElo "1685"]
[BlackElo "1696"]
[PlyCount "40"]
[EventDate "2017.12.26"]
[EventType "swiss"]
[EventRounds "7"]
[EventCountry "FRA"]
[SourceTitle "CBM 182 Extra"]
[Source "ChessBase"]
[SourceDate "2018.02.23"]
[SourceVersion "1"]
[SourceVersionDate "2018.02.23"]
[SourceQuality "1"]

1. e4 e5 2. Nf3 Nc6 3. Bb5 a6 4. Ba4 Nf6 5. 0-0 b5 6. Bb3 Be7 7. Re1 0-0 8. c3 d6 9. d4 Bg4 10. d5 Nb8 11. Bc2 c5 12. Be3 Nbd7 13. Nbd2 h6 14. h3 Bh5 15. a3 Qc7 16. g4 Bg6 17. Kh2 Rfb8 18. Nh4 Bxe4 19. Nxe4 Nxe4 20. Bxe4 Bxh4 1-0

[Event "Charleville Mezieres op 14th"]
[Site "Charleville Mezieres"]
[Date "2017.12.26"]
[Round "6"]
[White "Flamant, Jacky"]
[Black "Louis, Andre"]
[Result "1/2-1/2"]
[WhiteElo "1587"]
[BlackElo "1696"]
[PlyCount "38"]
[EventDate "2017.12.26"]
[EventType "swiss"]
[EventRounds "7"]
[EventCountry "FRA"]
[SourceTitle "CBM 182 Extra"]
[Source "ChessBase"]
[SourceDate "2018.02.23"]
[SourceVersion "1"]
[SourceVersionDate "2018.02.23"]
[SourceQuality "1"]

1. e4 e5 2. Nf3 Nc6 3. d4 exd4 4. Nxd4 Bc5 5. Nxc6 Qf6 6. Qd2 Qxc6 7. Nc3 Nf6 8. Bd3 0-0 9. b3 Re8 10. f3 d5 11. Bb5 Qe6 12. Bxe8 Qxe8 13. Nxd5 Nxd5 14. Qxd5 Bb6 15. Bb2 Be6 16. Qg5 Qf8 17. 0-0-0 h6 18. Qh4 a5 19. a4 Kh7 1/2-1/2

[Event "Charleville Mezieres op 14th"]
[Site "Charleville Mezieres"]
[Date "2017.12.26"]
[Round "1"]
[White "Louis, Andre"]
[Black "Decruyenaere, Pierre Stephane"]
[Result "1-0"]
[WhiteElo "1696"]
[BlackElo "1255"]
[PlyCount "135"]
[EventDate "2017.12.26"]
[EventType "swiss"]
[EventRounds "7"]
[EventCountry "FRA"]
[SourceTitle "CBM 182 Extra"]
[Source "ChessBase"]
[SourceDate "2018.02.23"]
[SourceVersion "1"]
[SourceVersionDate "2018.02.23"]
[SourceQuality "1"]

1. e4 e5 2. Nf3 Nc6 3. Bb5 d6 4. d4 Bd7 5. d5 Nb8 6. a4 Nf6 7. Bd3 c6 8. c4 c5 9. Na3 Bg4 10. Bd2 Nbd7 11. 0-0 Be7 12. Re1 0-0 13. h3 Bxf3 14. Qxf3 Qb6 15. Rab1 Qb3 16. Bc2 Qxf3 17. gxf3 Nh5 18. Kh2 Bh4 19. Rf1 Nf4 20. Nb5 Be7 21. a5 Rfc8 22. Ba4 Nf8 23. Nc3 N8g6 24. a6 b6 25. Bc6 Rab8 26. Ra1 Nh4 27. Kg3 Nh5+ 28. Kg4 g6 29. Bg5 f5+ 30. Kxh4 Kf7 31. exf5 Rh8 32. Bxe7 Kxe7 33. Ne4 Nf6 34. Nxf6 Kxf6 35. fxg6 hxg6+ 36. Kg3 g5 37. Bd7 Rh7 38. Kg2 Rxd7 39. Kg3 Rh7 40. Rh1 Rbh8 41. Rh2 Kf5 42. Rah1 e4 43. fxe4+ Kxe4 44. f3+ Kf5 45. Re1 Rh4 46. Re6 R4h6 47. Rxh6 Rxh6 48. Re2 Rh4 49. b3 Rf4 50. Re7 b5 51. Rxa7 bxc4 52. Rf7+ Ke5 53. a7 Rxf7 54. a8Q cxb3 55. Qa1+ Kxd5 56. Qd1+ Kc6 57. Qxb3 Rb7 58. Qd3 d5 59. Qg6+ Kb5 60. Qxg5 d4 61. Qd5 Rg7+ 62. Kf2 Kb4 63. Qe5 Rd7 64. Qe1+ Kb5 65. Qb1+ Kc6 66. Qd3 Kd5 67. Qf5+ Kc4 68. Qxd7 1-0

[Event "FRA-chT4 1516"]
[Site "Champagne Ardennes"]
[Date "2016.03.14"]
[Round "6.3"]
[White "Louis, Andre"]
[Black "Tassetti, Florent"]
[Result "1-0"]
[WhiteElo "1678"]
[BlackElo "1770"]
[PlyCount "95"]
[EventDate "2015.12.06"]
[EventType "team-tourn"]
[EventRounds "7"]
[EventCountry "FRA"]
[SourceTitle "EXT 2024"]
[Source "ChessBase"]
[SourceDate "2023.10.10"]
[SourceVersion "1"]
[SourceVersionDate "2023.10.10"]
[SourceQuality "1"]

1. e4 c5 2. Nc3 e6 3. g3 Nc6 4. Bg2 Nf6 5. d3 Be7 6. Nge2 d5 7. exd5 exd5 8. 0-0 Bg4 9. h3 Bf5 10. Nf4 d4 11. Ncd5 0-0 12. Nxe7+ Qxe7 13. Re1 Qd6 14. Re2 g5 15. Bxc6 Qxc6 16. Re5 gxf4 17. Rxf5 Qe6 18. Rxf4 Rfe8 19. Bd2 Nd5 20. Qg4+ Qxg4 21. Rxg4+ Kf8 22. Bh6+ Ke7 23. a3 Rg8 24. Re1+ Kd7 25. Rge4 Rae8 26. Rxe8 Rxe8 27. Rxe8 Kxe8 28. Kg2 Ke7 29. Kf3 Ke6 30. g4 Nb6 31. Ke4 Na4 32. Bc1 Nb6 33. f4 Nc8 34. f5+ Kd7 35. Ke5 Ne7 36. Bg5 Ng8 37. f6 Kc6 38. c3 dxc3 39. bxc3 b6 40. Bd2 c4 41. d4 b5 42. d5+ Kd7 43. g5 a6 44. h4 Kc7 45. h5 Kd7 46. Kd4 Kc7 47. Kc5 Kd7 48. Bf4 1-0

[Event "FRA-chT4 1516"]
[Site "Champagne Ardennes"]
[Date "2016.01.24"]
[Round "2.2"]
[White "Salentiny, Eric"]
[Black "Louis, Andre"]
[Result "1-0"]
[WhiteElo "1956"]
[BlackElo "1663"]
[PlyCount "105"]
[EventDate "2015.12.06"]
[EventType "team-tourn"]
[EventRounds "7"]
[EventCountry "FRA"]
[SourceTitle "EXT 2024"]
[Source "ChessBase"]
[SourceDate "2023.10.10"]
[SourceVersion "1"]
[SourceVersionDate "2023.10.10"]
[SourceQuality "1"]

1. f4 d5 2. Nf3 c5 3. e3 Nc6 4. Bb5 Bd7 5. Bxc6 Bxc6 6. b3 Nf6 7. Bb2 e6 8. 0-0 Bd6 9. Ne5 0-0 10. d3 Be8 11. Rf3 Rc8 12. Rg3 g6 13. Nd2 b5 14. c4 bxc4 15. dxc4 Bxe5 16. Bxe5 Nd7 17. Bd6 Nf6 18. Bxf8 Kxf8 19. Qc2 Nh5 20. Rh3 d4 21. Rxh5 d3 22. Qc3 gxh5 23. Qh8+ Ke7 24. Ne4 Bc6 25. Qf6+ Ke8 26. Qxd8+ Rxd8 27. Nxc5 Ke7 28. Rd1 d2 29. Kf2 Rg8 30. g3 h4 31. Rxd2 hxg3+ 32. hxg3 Rg6 33. Nd3 Rh6 34. Ne5 Rh2+ 35. Ke1 Rh1+ 36. Ke2 Rh2+ 37. Kd3 Be4+ 38. Kc3 Rh3 39. Rd7+ Ke8 40. Rxf7 Rxg3 41. Kd4 Bf5 42. Rxa7 h5 43. e4 Bg4 44. Nxg4 hxg4 45. Ke5 Rg1 46. Kxe6 Kd8 47. f5 g3 48. Rg7 g2 49. f6 Re1 50. Rxg2 Rxe4+ 51. Kf7 Rd4 52. Kg8 Rf4 53. f7 1-0

[Event "FRA-chT4 1415"]
[Site "Champagne Ardennes"]
[Date "2015.01.11"]
[Round "4"]
[White "Louis, Andre"]
[Black "Benkirane, Nabil"]
[Result "0-1"]
[WhiteElo "1678"]
[BlackElo "1642"]
[PlyCount "102"]
[EventDate "2014.10.16"]
[EventType "team-tourn"]
[EventRounds "7"]
[EventCountry "FRA"]
[SourceTitle "EXT 2024"]
[Source "ChessBase"]
[SourceDate "2023.10.10"]
[SourceVersion "1"]
[SourceVersionDate "2023.10.10"]
[SourceQuality "1"]

1. e4 e5 2. Nf3 Nc6 3. Bb5 a6 4. Bxc6 dxc6 5. 0-0 Bd6 6. d3 Bg4 7. h3 Bh5 8. Be3 Qe7 9. Nbd2 Nf6 10. Re1 Bg6 11. c3 0-0-0 12. Nc4 c5 13. Qc2 h5 14. Bg5 Qe6 15. Rad1 Rd7 16. Ne3 h4 17. Nxh4 Rh5 18. Bxf6 Qxf6 19. Nhf5 Bxf5 20. Nxf5 g6 21. Ng3 Rh4 22. Re3 Rd8 23. Rf3 Qe6 24. Qd2 Rdh8 25. Nf1 Bf8 26. Qe2 Qg4 27. Re3 Qg5 28. Rg3 Qe7 29. Nh2 Bh6 30. Nf3 Rh5 31. Nh2 Bf4 32. Rg4 Qd6 33. Qf3 f5 34. exf5 gxf5 35. Rg7 Qf6 36. Rg3 Bxg3 37. fxg3 Qb6 38. Rd2 c4+ 39. Qf2 Qxf2+ 40. Kxf2 cxd3 41. Rxd3 Rd8 42. Ke3 Rh6 43. Nf3 e4 44. Rxd8+ Kxd8 45. Nh4 Rb6 46. b3 Rf6 47. Kf4 Ke7 48. Nxf5+ Rxf5+ 49. Kxf5 e3 50. Kf4 e2 51. Kf3 e1Q 0-1

[Event "FRA-chT4 1415"]
[Site "Champagne Ardennes"]
[Date "2014.11.16"]
[Round "2"]
[White "Louis, Andre"]
[Black "Cazzaro, Dorian"]
[Result "1-0"]
[WhiteElo "1682"]
[BlackElo "1746"]
[PlyCount "56"]
[EventDate "2014.10.16"]
[EventType "team-tourn"]
[EventRounds "7"]
[EventCountry "FRA"]
[SourceTitle "EXT 2024"]
[Source "ChessBase"]
[SourceDate "2023.10.10"]
[SourceVersion "1"]
[SourceVersionDate "2023.10.10"]
[SourceQuality "1"]

1. e4 c5 2. Nc3 Nc6 3. g3 Nf6 4. Bg2 d6 5. d3 g6 6. f4 Bg7 7. Nf3 0-0 8. 0-0 Bg4 9. h3 Bd7 10. Be3 Qc7 11. Bf2 Rac8 12. Re1 b6 13. e5 dxe5 14. fxe5 Ne8 15. d4 cxd4 16. Nd5 Qd8 17. Nxd4 Nxe5 18. c3 e6 19. Nf4 Qc7 20. a4 Nd6 21. Re2 Rfd8 22. Qe1 Nc6 23. Nb5 Nxb5 24. axb5 Ne7 25. c4 Qxc4 26. Rxa7 Qxb5 27. Rd2 Bxb2 28. Bf1 Qe5 1-0

[Event "FRA-chT4 1314"]
[Site "Champagne Ardennes"]
[Date "2013.11.24"]
[Round "2"]
[White "Louis, Andre"]
[Black "Jouniaux, Stephane"]
[Result "0-1"]
[WhiteElo "1669"]
[BlackElo "1664"]
[PlyCount "164"]
[EventDate "2013.10.25"]
[EventType "team-tourn"]
[EventRounds "7"]
[EventCountry "FRA"]
[SourceTitle "EXT 2024"]
[Source "ChessBase"]
[SourceDate "2023.10.10"]
[SourceVersion "1"]
[SourceVersionDate "2023.10.10"]
[SourceQuality "1"]

1. e4 d5 2. exd5 Qxd5 3. Nc3 Qa5 4. d4 Nf6 5. Bc4 Bg4 6. Nge2 e6 7. Bd2 c6 8. 0-0 Qh5 9. f3 Bf5 10. Ng3 Qg6 11. Nxf5 Qxf5 12. Bd3 Qa5 13. Ne4 Qd5 14. Be3 Qd8 15. c4 Be7 16. Qc2 Nbd7 17. Rfd1 0-0 18. g4 g6 19. Kh1 Nxe4 20. Bxe4 Nf6 21. Bd3 Qc7 22. Rg1 c5 23. g5 Nh5 24. Rg4 cxd4 25. Bxd4 e5 26. Be3 Bc5 27. Bd2 Bd4 28. Rf1 Rad8 29. Rh4 Ng7 30. Be4 Ne6 31. f4 exf4 32. Bxf4 Nxf4 33. Rfxf4 Be3 34. Rf1 Bxg5 35. Rh3 b6 36. Rf2 Qe5 37. Bd5 b5 38. Rhf3 Rd7 39. b3 bxc4 40. bxc4 Qa1+ 41. Kg2 Bh4 42. Rf1 Qe5 43. Kh1 Rc7 44. Qb3 Rd7 45. Qc2 Kg7 46. Qg2 Bd8 47. Rf5 Qd4 48. Rh5 Re7 49. Rh3 Rfe8 50. Rhf3 Rf8 51. Rf4 Qc5 52. Qf3 Qc7 53. Qc3+ Kg8 54. R4f3 Re2 55. Rh3 Bg5 56. Qf3 Qe7 57. Rg3 Re3 58. Qg2 Rxg3 59. hxg3 Kg7 60. g4 Be3 61. Rf3 Qh4+ 62. Rh3 Qe1+ 63. Kh2 Bf4+ 64. Rg3 Qxg3+ 65. Qxg3 Bxg3+ 66. Kxg3 Kf6 67. Kf4 Re8 68. g5+ Ke7 69. Ke5 Rb8 70. c5 Rb2 71. a4 a5 72. c6 Rc2 73. Be4 Rc4 74. Bd5 Rc1 75. Kd4 f6 76. gxf6+ Kxf6 77. Bg8 Rxc6 78. Bxh7 Kg7 79. Kd5 Rf6 80. Bxg6 Kxg6 81. Kc5 Rf5+ 82. Kb6 Kg5 0-1

[Event "La Fere op 11th"]
[Site "La Fere"]
[Date "2012.07.10"]
[Round "5"]
[White "Louis, Andre"]
[Black "Lapersonne, Patrick"]
[Result "0-1"]
[WhiteElo "1709"]
[BlackElo "1504"]
[PlyCount "74"]
[EventDate "2012.07.07"]
[EventType "swiss"]
[EventRounds "9"]
[EventCountry "FRA"]
[SourceTitle "CBM 149 Extra"]
[Source "ChessBase"]
[SourceDate "2012.08.24"]
[SourceVersion "1"]
[SourceVersionDate "2012.08.24"]
[SourceQuality "1"]

1. e4 c5 2. Nf3 d6 3. d4 cxd4 4. Nxd4 Nf6 5. Nc3 a6 6. Bg5 e6 7. Be2 Be7 8. 0-0 0-0 9. Qd2 Nbd7 10. Bf3 Ne5 11. Be2 b5 12. a3 Bb7 13. f3 d5 14. exd5 Nxd5 15. Bxe7 Qxe7 16. Ne4 Rac8 17. c3 Nb6 18. b3 Rfd8 19. Qb2 Nd5 20. Rfc1 Nf4 21. Bf1 Nfd3 22. Qe2 Nxc1 23. Rxc1 Qxa3 24. Rb1 Qe7 25. b4 Ng6 26. Nc5 Rxc5 27. bxc5 Qxc5 28. Kh1 Qxc3 29. Nb3 Bd5 30. Qd1 Qf6 31. Qc2 Bc4 32. Bxc4 Rc8 33. Qe4 bxc4 34. Qb7 Qd8 35. Nd4 c3 36. Nc6 c2 37. Rg1 Qc7 0-1

[Event "La Fere op 11th"]
[Site "La Fere"]
[Date "2012.07.09"]
[Round "4"]
[White "Gaudin, Roger"]
[Black "Louis, Andre"]
[Result "0-1"]
[WhiteElo "1506"]
[BlackElo "1709"]
[PlyCount "88"]
[EventDate "2012.07.07"]
[EventType "swiss"]
[EventRounds "9"]
[EventCountry "FRA"]
[SourceTitle "CBM 149 Extra"]
[Source "ChessBase"]
[SourceDate "2012.08.24"]
[SourceVersion "1"]
[SourceVersionDate "2012.08.24"]
[SourceQuality "1"]

1. d4 Nf6 2. c4 e6 3. Nc3 Bb4 4. Bg5 h6 5. Bh4 0-0 6. e4 g5 7. Bg3 Nxe4 8. Qc2 f5 9. Bd3 d5 10. h4 Nxg3 11. fxg3 Nc6 12. Nge2 dxc4 13. Bxc4 Nxd4 14. Nxd4 Qxd4 15. Bd3 Qe3+ 16. Qe2 Bxc3+ 17. bxc3 Qxg3+ 18. Kd2 g4 19. Rad1 Qf4+ 20. Kc2 a5 21. Bc4 Qe4+ 22. Qxe4 fxe4 23. Rhe1 Kg7 24. Rxe4 Rf2+ 25. Rd2 Rxd2+ 26. Kxd2 h5 27. Re5 Kf6 28. Rxh5 e5 29. Rg5 Bf5 30. g3 Rd8+ 31. Ke3 Rd1 32. Be2 Ra1 33. Bxg4 Bxg4 34. Rxg4 Rxa2 35. h5 Rh2 36. Rg6+ Kf7 37. Rg5 Rh1 38. Kd2 Kf6 39. Rg6+ Kf7 40. Rg5 Ke6 41. g4 a4 42. Rg6+ Kf7 43. Rg5 a3 44. h6 a2 0-1

[Event "La Fere op 10th"]
[Site "La Fere"]
[Date "2011.07.08"]
[Round "8.15"]
[White "Feryn, Benjamin"]
[Black "Louis, Andre"]
[Result "1-0"]
[WhiteElo "2032"]
[BlackElo "1800"]
[PlyCount "133"]
[EventDate "2011.07.02"]
[EventType "swiss"]
[EventRounds "9"]
[EventCountry "FRA"]
[SourceTitle "EXT 2012"]
[Source "ChessBase"]
[SourceDate "2011.11.24"]
[SourceVersion "1"]
[SourceVersionDate "2011.11.24"]
[SourceQuality "1"]

1. e4 c5 2. Nf3 Nc6 3. d4 cxd4 4. Nxd4 Nf6 5. Nc3 e5 6. Ndb5 d6 7. Bg5 a6 8. Na3 b5 9. Nd5 Be7 10. Bxf6 Bxf6 11. c3 0-0 12. Nc2 Bg5 13. a4 bxa4 14. Rxa4 a5 15. Bc4 Rb8 16. b3 Kh8 17. Nce3 f5 18. Nxf5 Bxf5 19. exf5 Rxf5 20. 0-0 Ne7 21. Qd3 Rf8 22. Nxe7 Bxe7 23. Qd5 Ra8 24. Rfa1 Qb6 25. R1a2 Ra7 26. Rxa5 Rxa5 27. Qxa5 Qxa5 28. Rxa5 Bg5 29. Ra2 g6 30. Kf1 Rc8 31. Rc2 Kg7 32. Ke2 Bd8 33. Kd3 Kf6 34. Ra2 Bb6 35. Ra6 Rb8 36. Ke4 Ke7 37. Kd5 Bxf2 38. Rxd6 Bg1 39. h3 Bh2 40. Re6+ Kf8 41. b4 Bg3 42. Rf6+ Ke7 43. Rf3 Bf4 44. g3 Bd2 45. Kxe5 Rf8 46. Rxf8 Bxc3+ 47. Kd5 Kxf8 48. b5 Ke7 49. Kc6 Kd8 50. Kb7 Be5 51. g4 Bd4 52. Bg8 h6 53. Bh7 g5 54. Bf5 Bc5 55. Kc6 Bd4 56. b6 Ke7 57. Kc7 Kf6 58. b7 Ba7 59. b8Q Bxb8+ 60. Kxb8 Ke5 61. Bg6 Kf4 62. Bh5 Ke5 63. Kc7 Ke6 64. Kc6 Ke7 65. Kd5 Kf6 66. Kd6 Kg7 67. Ke6 1-0

[Event "La Fere op 10th"]
[Site "La Fere"]
[Date "2011.07.05"]
[Round "5.29"]
[White "Louis, Andre"]
[Black "Biniaux, Michael"]
[Result "0-1"]
[WhiteElo "1800"]
[BlackElo "1720"]
[PlyCount "104"]
[EventDate "2011.07.02"]
[EventType "swiss"]
[EventRounds "9"]
[EventCountry "FRA"]
[SourceTitle "EXT 2012"]
[Source "ChessBase"]
[SourceDate "2011.11.24"]
[SourceVersion "1"]
[SourceVersionDate "2011.11.24"]
[SourceQuality "1"]

1. e4 d5 2. exd5 Qxd5 3. Nc3 Qa5 4. d4 c6 5. Nf3 Bg4 6. Be2 Nf6 7. 0-0 Qc7 8. Bg5 e6 9. Re1 Bd6 10. Ne5 Bxe2 11. Qxe2 Nbd7 12. h3 0-0 13. Bh4 Nd5 14. Nxd5 exd5 15. Nd3 h6 16. Qf3 Rae8 17. Re2 g5 18. Rxe8 Rxe8 19. Bg3 Bxg3 20. fxg3 Re6 21. Nf2 Qb6 22. Qc3 c5 23. Re1 Rxe1+ 24. Qxe1 Qe6 25. Qxe6 fxe6 26. dxc5 Nxc5 27. Kf1 Kg7 28. Ke2 h5 29. b4 Nd7 30. Ke3 e5 31. c3 Kf6 32. g4 h4 33. a4 a5 34. Nd3 b6 35. Ne1 Ke6 36. Nf3 Kf6 37. Nd2 Ke6 38. Nb3 Kd6 39. Nd2 Nf6 40. bxa5 bxa5 41. Nb3 Ne4 42. Kd3 Nc5+ 43. Kc2 Nxb3 44. Kxb3 e4 45. Kc2 Ke5 46. Kd2 Kf4 47. Ke2 Kg3 48. Kf1 e3 49. Ke2 Kxg2 50. Kxe3 Kg3 51. Ke2 Kxh3 52. Kf3 Kh2 0-1

[Event "La Fere op 10th"]
[Site "La Fere"]
[Date "2011.07.04"]
[Round "3.31"]
[White "Louis, Andre"]
[Black "Benkirane, Nabil"]
[Result "1-0"]
[WhiteElo "1800"]
[BlackElo "1560"]
[PlyCount "83"]
[EventDate "2011.07.02"]
[EventType "swiss"]
[EventRounds "9"]
[EventCountry "FRA"]
[SourceTitle "EXT 2012"]
[Source "ChessBase"]
[SourceDate "2011.11.24"]
[SourceVersion "1"]
[SourceVersionDate "2011.11.24"]
[SourceQuality "1"]

1. e4 e5 2. Nf3 Nc6 3. Bb5 a6 4. Bxc6 bxc6 5. Nxe5 Qe7 6. d4 Nf6 7. 0-0 g6 8. Bg5 Qd8 9. Nxf7 Kxf7 10. e5 Be7 11. exf6 Bxf6 12. Qf3 Kg7 13. Bxf6+ Qxf6 14. Qxf6+ Kxf6 15. Re1 Rb8 16. b3 d6 17. Nd2 Bf5 18. c3 Rhe8 19. Re3 Rxe3 20. fxe3 Re8 21. Re1 Bd3 22. e4 h6 23. Re3 Bc2 24. Kf2 g5 25. Rf3+ Kg6 26. Re3 h5 27. Re1 Bd3 28. e5 dxe5 29. Rxe5 Rxe5 30. dxe5 a5 31. Ke3 Bf5 32. Kd4 Bd7 33. Nc4 a4 34. Ne3 axb3 35. axb3 g4 36. Ke4 h4 37. Kf4 Kh5 38. g3 Be6 39. b4 Bd7 40. Nf5 hxg3 41. hxg3 Bc8 42. Nd4 1-0

[Event "Fourmies op 35th"]
[Site "Fourmies"]
[Date "2011.06.11"]
[Round "1"]
[White "Louis, Andre"]
[Black "Rott, Georg"]
[Result "0-1"]
[WhiteElo "1802"]
[BlackElo "2216"]
[PlyCount "112"]
[EventDate "2011.06.11"]
[EventType "swiss"]
[EventRounds "7"]
[EventCountry "FRA"]
[SourceTitle "CBM 142 Extra"]
[Source "ChessBase"]
[SourceDate "2011.06.27"]
[SourceVersion "1"]
[SourceVersionDate "2011.06.27"]
[SourceQuality "1"]

1. c4 e5 2. Nc3 Nf6 3. Nf3 Nc6 4. g3 Bb4 5. Bg2 0-0 6. 0-0 d6 7. d3 h6 8. Qc2 Re8 9. a3 Bxc3 10. bxc3 e4 11. Nd4 Ne5 12. f4 exd3 13. exd3 Neg4 14. h3 Ne3 15. Bxe3 Rxe3 16. Rae1 Rxg3 17. Kh2 Nh5 18. Qe2 Qh4 19. Qe8+ Kh7 20. Qe4+ g6 21. f5 Qxe4 22. dxe4 Rxc3 23. fxg6+ Kxg6 24. Rg1 Nf4 25. Nb5 Rc2 26. Kh1 Kf6 27. Nxc7 Rb8 28. e5+ dxe5 29. Nd5+ Nxd5 30. cxd5 Rf2 31. Re3 Bd7 32. Rge1 Rf5 33. Bf3 Rf4 34. Kh2 b5 35. Bg2 Re8 36. Rc1 Rc8 37. Rce1 Rc2 38. Kg3 Rf5 39. Be4 Rg5+ 40. Kh4 Rf2 41. Rf3+ Rxf3 42. Bxf3 Ke7 43. Rc1 Kd6 44. Bh5 Rf5 45. Bg4 Rf4 46. Kh5 f5 47. Be2 Kxd5 48. Kxh6 Rh4+ 49. Kg5 Rxh3 50. Rc7 Kd6 51. Rxa7 Re3 52. Bh5 f4 53. Ra6+ Kc5 54. Ra7 Bc6 55. Re7 f3 56. Kh4 f2 0-1

[Event "Blagny op 3rd"]
[Site "Blagny"]
[Date "2011.04.24"]
[Round "2"]
[White "Beaudiot, Alain"]
[Black "Louis, Andre"]
[Result "0-1"]
[WhiteElo "1585"]
[BlackElo "1827"]
[PlyCount "41"]
[EventDate "2011.04.23"]
[EventType "swiss"]
[EventRounds "6"]
[EventCountry "FRA"]
[SourceTitle "CBM 142 Extra"]
[Source "ChessBase"]
[SourceDate "2011.06.27"]
[SourceVersion "1"]
[SourceVersionDate "2011.06.27"]
[SourceQuality "1"]

1. Nf3 Nf6 2. b3 g6 3. Bb2 Bg7 4. c4 d6 5. d3 e5 6. Nbd2 0-0 7. e3 Nc6 8. Be2 Nd7 9. 0-0 f5 10. a3 a5 11. Qc2 Nf6 12. c5 Qe7 13. cxd6 cxd6 14. Nc4 Be6 15. Rfd1 Rac8 16. Bc3 b5 17. Ncd2 b4 18. axb4 axb4 19. Bb2 Nd4 20. Nxd4 Rxc2 21. Nxc2 0-1

[Event "Blagny op 3rd"]
[Site "Blagny"]
[Date "2011.04.23"]
[Round "1"]
[White "Louis, Andre"]
[Black "Michon, Guillaume"]
[Result "1-0"]
[WhiteElo "1827"]
[BlackElo "1370"]
[PlyCount "65"]
[EventDate "2011.04.23"]
[EventType "swiss"]
[EventRounds "6"]
[EventCountry "FRA"]
[SourceTitle "CBM 142 Extra"]
[Source "ChessBase"]
[SourceDate "2011.06.27"]
[SourceVersion "1"]
[SourceVersionDate "2011.06.27"]
[SourceQuality "1"]

1. e4 c6 2. d4 d5 3. exd5 cxd5 4. c4 Nf6 5. Nc3 Nc6 6. Nf3 e6 7. c5 b6 8. b4 bxc5 9. bxc5 Rb8 10. Bf4 Rb4 11. a3 Rb7 12. Ba6 Re7 13. Bb5 Bd7 14. Bd6 Ne4 15. Nxe4 dxe4 16. Bxc6 Qa5+ 17. Nd2 Bxc6 18. Bxe7 Bxe7 19. 0-0 0-0 20. Nc4 Qa6 21. Ne5 Bb5 22. Re1 f5 23. a4 Bc4 24. Nxc4 Qxc4 25. Rc1 Qd5 26. Rb1 Rc8 27. Qb3 Bf6 28. Qxd5 exd5 29. Red1 Rc7 30. a5 a6 31. Rb6 Ra7 32. Rd6 g6 33. Rxf6 1-0

[Event "FRA-chT4 1011"]
[Site "Champagne Ardennes"]
[Date "2011.01.16"]
[Round "4"]
[White "Louis, Andre"]
[Black "Bertrand, Catherine"]
[Result "0-1"]
[WhiteElo "1832"]
[BlackElo "1816"]
[PlyCount "110"]
[EventDate "2010.10.10"]
[EventType "team-tourn"]
[EventRounds "7"]
[EventCountry "FRA"]
[SourceTitle "EXT 2024"]
[Source "ChessBase"]
[SourceDate "2023.10.10"]
[SourceVersion "1"]
[SourceVersionDate "2023.10.10"]
[SourceQuality "1"]

1. e4 c5 2. Nf3 Nc6 3. d4 cxd4 4. Nxd4 e5 5. Nb5 d6 6. N1c3 a6 7. Na3 b5 8. Nd5 Nge7 9. c3 Nxd5 10. exd5 Ne7 11. Nc2 Bd7 12. g3 g6 13. Bg2 Bg7 14. 0-0 0-0 15. Be3 h6 16. Kh1 Kh7 17. f4 Nf5 18. Bg1 exf4 19. Rxf4 Be5 20. Rf3 Qg5 21. Bf2 Qh5 22. Rd3 Qxd1+ 23. Raxd1 Ng7 24. Nd4 f5 25. Ne2 Rae8 26. Bd4 Nh5 27. Bf3 Nf6 28. R3d2 Ne4 29. Bxe4 fxe4 30. Bxe5 Rxe5 31. Nf4 e3 32. Rd4 Bg4 33. Re1 Bf3+ 34. Kg1 Rf7 35. Ne2 Rxd5 36. Rxd5 Bxd5 37. Nf4 Bxa2 38. Rxe3 g5 39. Ne6 Bxe6 40. Rxe6 Rd7 41. Kf2 a5 42. Ke3 b4 43. cxb4 axb4 44. Kd4 Rc7 45. Kd3 b3 46. Rxd6 Rc2 47. Rb6 Rxb2 48. Kc3 Rxh2 49. Rxb3 Kg6 50. Kd4 Kf5 51. Re3 Kg4 52. Ke5 Rh3 53. Kf6 Rxg3 54. Re1 h5 55. Re4+ Kf3 0-1

[Event "La Fere op"]
[Site "La Fere"]
[Date "2010.07.04"]
[Round "2"]
[White "Brelot, Loic"]
[Black "Louis, Andre"]
[Result "0-1"]
[WhiteElo "1715"]
[BlackElo "1848"]
[PlyCount "98"]
[EventDate "2010.07.03"]
[EventType "swiss"]
[EventRounds "9"]
[EventCountry "FRA"]
[SourceTitle "CBM 137 Extra"]
[Source "ChessBase"]
[SourceDate "2010.09.01"]
[SourceVersion "1"]
[SourceVersionDate "2010.09.01"]
[SourceQuality "1"]

1. d4 Nf6 2. c4 g6 3. Nc3 d5 4. Nf3 Bg7 5. cxd5 Nxd5 6. e4 Nxc3 7. bxc3 0-0 8. Be2 c5 9. Be3 Qa5 10. Qd2 Nc6 11. e5 Rd8 12. 0-0 Nxe5 13. Rfe1 Bf5 14. Nxe5 Bxe5 15. Qb2 cxd4 16. cxd4 Bf6 17. Bf3 Rd7 18. Rac1 Kg7 19. Rc5 Qa4 20. Be2 Rad8 21. Rec1 Bxd4 22. Bxd4+ Qxd4 23. Qb3 Be6 24. Qc2 Bf5 25. Qb3 b6 26. Rc7 Rxc7 27. Rxc7 Qa1+ 28. Bf1 Bd3 29. Qc3+ Qxc3 30. Rxc3 Bxf1 31. Kxf1 Rd1+ 32. Ke2 e5 33. f3 Rd4 34. Rc7 Ra4 35. Rc2 e4 36. fxe4 Rxe4+ 37. Kd3 Ra4 38. Re2 g5 39. h3 h5 40. Re5 Kg6 41. Re2 a5 42. Rb2 Rb4 43. Rc2 a4 44. Rc6+ f6 45. Kc3 Rb1 46. Kd4 Rb2 47. g4 hxg4 48. hxg4 b5 49. a3 b4 0-1

[Event "Pays de Champagne op-A 1st"]
[Site "Recy"]
[Date "2010.05.14"]
[Round "4"]
[White "Barreaud, Samuel"]
[Black "Louis, Andre"]
[Result "1-0"]
[WhiteElo "1860"]
[BlackElo "1838"]
[PlyCount "75"]
[EventDate "2010.05.??"]
[EventType "swiss"]
[EventRounds "6"]
[EventCountry "FRA"]
[SourceTitle "EXT 2011"]
[Source "ChessBase"]
[SourceDate "2010.11.26"]
[SourceVersion "1"]
[SourceVersionDate "2010.11.26"]
[SourceQuality "1"]

1. e4 c5 2. Nf3 Nc6 3. d4 cxd4 4. Nxd4 Nf6 5. Nc3 e5 6. Nxc6 bxc6 7. Bc4 Rb8 8. 0-0 d6 9. Bb3 Be7 10. h3 0-0 11. Be3 Qc7 12. Qe2 Be6 13. Rfd1 Rfd8 14. Rd2 Rb4 15. Bg5 h6 16. Bh4 a5 17. Rad1 Bxb3 18. cxb3 Rbb8 19. Rc2 Qb7 20. Rcd2 Qc7 21. Rd3 Rd7 22. Qd2 Rbd8 23. Bg3 g5 24. h4 gxh4 25. Qxh6 Nh7 26. Bxh4 Bxh4 27. Qxh4 f6 28. Rg3+ Ng5 29. f4 Qa7+ 30. Kf1 Rh7 31. Rxg5+ fxg5 32. Qxg5+ Kf7 33. Qxd8 Rh1+ 34. Ke2 Rh2 35. Qg5 Rh7 36. fxe5 Rg7 37. Rf1+ Kg8 38. Qd8+ 1-0